000 00520nam a2200217Ia 4500
003 OSt
005 20221005131328.0
006 a|||||r|||| 00| 0
007 ta
008 221004b |||||||| |||| 00| 0 snd d
024 _a7371
037 _cTextual
040 _aCRL
_cCRL
_bsnd
041 _2snd
_asnd
082 _aV44Q74.C, 1593L3
100 _aSatish Kumar
245 0 _aSindhlaji
260 _c1973
942 _hV44Q74.C, 1593L3
_cTEXL
_2cc
999 _c1059978
_d1059978